All Municipalities of Pest County + Capital of Hungary on a Map - Statistics

General Stats
  • This quiz has been taken 1,033 times
  • The average score is 85 of 188
Answers on the Map
Answers color-coded by a green-red scale on the quiz's map according to % correct below.
 
Answer Stats
Answer % Correct
Göd
90%
Budapest
89%
Szentendre
89%
Érd
88%
Vác
87%
Budakeszi
85%
Budaörs
85%
Dunakeszi
85%
Gödöllő
85%
Cegléd
83%
Pilis
81%
Vecsés
81%
Visegrád
79%
Szigetszentmiklós
78%
Monor
77%
Budakalász
75%
Fót
75%
Pilisvörösvár
74%
Kistarcsa
72%
Nagymaros
72%
Dabas
70%
Nagytarcsa
70%
Törökbálint
70%
Üllő
70%
Albertirsa
69%
Pomáz
69%
Veresegyház
69%
Csömör
68%
Pécel
68%
Gyál
67%
Kismaros
67%
Piliscsaba
67%
Ráckeve
67%
Solymár
67%
Szob
67%
Tahitótfalu
67%
Biatorbágy
66%
Dunaharaszti
66%
Maglód
66%
Tök
66%
Diósd
64%
Ócsa
64%
Mogyoród
63%
Nagykőrös
63%
Aszód
62%
Isaszeg
61%
Üröm
61%
Zsámbék
61%
Kerepes
60%
Gyömrő
59%
Leányfalu
59%
Százhalombatta
59%
Bugyi
58%
Monorierdő
58%
Verőce
58%
Ecser
57%
Abony
56%
Ceglédbercel
56%
Kisoroszi
56%
Vácrátót
55%
Halásztelek
54%
Pilisborosjenő
54%
Nagykovácsi
53%
Szigetmonostor
53%
Tököl
53%
Dunabogdány
52%
Nagykáta
52%
Sülysáp
52%
Zebegény
52%
Tárnok
50%
Szigethalom
49%
Tura
49%
Alsónémedi
48%
Bag
48%
Budajenő
48%
Pilisszentiván
48%
Pilisszentkereszt
48%
Sződ
48%
Csobánka
46%
Márianosztra
46%
Sződliget
46%
Szokolya
45%
Telki
45%
Nagybörzsöny
44%
Galgamácsa
43%
Kemence
43%
Páty
43%
Acsa
42%
Dömsöd
42%
Gomba
42%
Szada
42%
Tápiószentmárton
42%
Dunavarsány
41%
Péteri
41%
Pilisszentlászló
41%
Tápiószele
41%
Váchartyán
41%
Őrbottyán
40%
Hévízgyörk
39%
Kiskunlacháza
39%
Tápióbicske
39%
Zsámbok
39%
Galgahévíz
38%
Szigetcsép
38%
Szigetszentmárton
38%
Bernecebaráti
37%
Dány
37%
Inárcs
37%
Ipolydamásd
37%
Lórév
37%
Penc
37%
Kóspallag
36%
Pilisjászfalu
36%
Sóskút
36%
Tápióság
36%
Vácduka
36%
Vácszentlászló
36%
Domony
35%
Pilisszántó
35%
Taksony
35%
Tápiószecső
35%
Erdőkertes
34%
Galgagyörk
34%
Jászkarajenő
34%
Perbál
34%
Pócsmegyer
34%
Tinnye
34%
Vácegres
34%
Mende
33%
Örkény
33%
Remeteszőlős
33%
Szentmártonkáta
33%
Felsőpakony
32%
Herceghalom
32%
Iklad
32%
Csörög
31%
Farmos
31%
Rád
31%
Újhartyán
31%
Vámosmikola
31%
Délegyháza
30%
Hernád
30%
Kakucs
30%
Kóka
30%
Tatárszentgyörgy
30%
Újszilvás
30%
Csomád
29%
Kosd
28%
Perőcsény
28%
Pusztazámor
28%
Szigetújfalu
28%
Újlengyel
28%
Csővár
27%
Letkés
27%
Táborfalva
27%
Váckisújfalu
26%
Ipolytölgyes
25%
Nyáregyháza
25%
Püspökhatvan
25%
Vasad
25%
Áporka
24%
Kartal
24%
Tésa
24%
Apaj
23%
Csemő
23%
Csévharaszt
23%
Dánszentmiklós
23%
Makád
23%
Pusztavacs
23%
Tápiógyörgye
22%
Úri
22%
Püspökszilágy
21%
Tápiószőlős
21%
Tóalmás
21%
Valkó
21%
Szigetbecse
20%
Törtel
20%
Szentlőrinckáta
19%
Verseg
19%
Kisnémedi
18%
Majosháza
18%
Mikebuda
18%
Nyársapát
18%
Káva
17%
Kőröstetétlen
17%
Bénye
16%
Pánd
13%
Kocsér
11%
No matching quizzes found
Score Distribution
Percent of People with Each Score
Percentile by Number Answered
Your Score History
You have not taken this quiz